Statistiques concernant Les 100 nombres [FR]

Cliquez ici pour prendre le quiz!

Statistiques générales

  • Ce quiz a été pris 4 523 fois
  • Le résultat moyen est 58 sur 100

Statistiques - réponses

#% Correct
1
100%
2
99%
3
98%
4
97%
5
97%
6
97%
7
96%
8
96%
9
96%
10
93%
11
93%
12
93%
13
92%
14
91%
15
91%
16
90%
17
90%
18
90%
19
89%
21
89%
20
88%
23
88%
22
87%
24
87%
25
86%
26
85%
27
85%
28
85%
29
84%
30
83%
32
83%
31
82%
34
81%
33
80%
35
79%
36
79%
37
78%
38
78%
39
77%
40
74%
41
73%
42
72%
43
72%
45
72%
44
70%
46
69%
47
68%
48
67%
49
65%
50
64%
51
62%
52
61%
53
60%
54
60%
55
59%
56
58%
57
54%
58
53%
59
52%
60
49%
61
47%
62
45%
63
45%
64
43%
65
43%
66
43%
67
39%
68
36%
69
35%
70
34%
71
33%
72
31%
73
29%
77
29%
74
28%
75
27%
76
26%
78
25%
81
22%
79
21%
80
21%
82
20%
83
18%
88
18%
84
17%
85
17%
86
15%
87
15%
89
15%
99
15%
90
14%
91
13%
92
12%
93
12%
94
11%
95
11%
98
11%
100
10%
96
10%
97
10%

Distribution des résultats

Percentile par nombre de réponses

% des personnes avec chaque résultat

Votre développement - résultats

Vous n’avez pas pris ce quiz